000 00728nam a2200181 4500
008 210108b ||||| |||| 00| 0 eng d
040 _aDE-2950
_bger
_cDE-2950
_erda
041 _ager
245 _aNeue Häuser auf den ältesten Kellern von Frankfurt (Oder) /
_cLudwig Patzelt
264 _c2023
653 _aFrankfurt (Oder)
653 _a Häuser Carl-Philipp-Emanuel-Bach-Straße 14 und 15
773 _dFrankfurt (Oder): Stadt Frankfurt (Oder) und Büro für Stadtplanung, -forschung und -erneuerung
_g(2023), Nr. 32, Dezember, S.6-7: Mit Fotos
_tZentrum: Zeitschrift für das Sanierungsgebiet ehemalige Altstadt Frankfurt (Oder)
942 _cA
999 _c373003
_d373003